| 000 | 01306cam a2200409Mi 4500 | ||
|---|---|---|---|
| 001 | 94947 | ||
| 005 | 20230411085921.0 | ||
| 008 | 081110s2008 it b 001 0 ita d | ||
| 035 | _a(OCoLC)ocn271079407 | ||
| 040 |
_aC3L _beng _cC3L _dDEBBG _dOCL |
||
| 020 | _a8862500289 | ||
| 020 | _a9788862500289 | ||
| 029 | 0 |
_aC3L _b08372969 |
|
| 029 | 1 |
_aDEBBG _bBV035251041 |
|
| 035 | _a(OCoLC)271079407 | ||
| 045 | _ax4x- | ||
| 050 | 1 | 4 | _a |
| 082 | 0 | 0 | _a370 |
| 084 |
_a5,3 _2ssgn |
||
| 084 |
_aDF 3000 _2rvk |
||
| 049 | _aGRAL | ||
| 245 | 0 | 0 |
_aRipensare l'autoritáa : _briflessioni pedagogiche e proposte educative / _ca cura di Luigi Pati, Lino Prenna. |
| 260 |
_aMilano : _bGuerini studio, _c2008. |
||
| 300 |
_a223 p. ; _c21 cm. |
||
| 440 | 0 |
_aLaboratorio pedagogico ; _v1 |
|
| 500 | _aCollected essays. | ||
| 504 | _aIncludes bibliographical references. | ||
| 650 | 0 | _aPhilosophy of education | |
| 650 | 4 | _aFilosofia de la educación | |
| 700 | 1 | _aPati, Luigi. | |
| 700 | 1 | _aPrenna, Lino. | |
| 856 | 4 | 1 |
_3Table of contents _uhttp://bvbr.bib-bvb.de:8991/F?func=service&doc_library=BVB01&doc_number=017056683&line_number=0001&func_code=DB_RECORDS&service_type=MEDIA |
| 938 |
_aCasalini Libri _bCASA _n08372969 _c22.00 EUR |
||
| 942 |
_2lcc _cbk |
||
| 946 | _aImm | ||
| 994 |
_aC0 _bDRFGD |
||
| 999 |
_c109277 _d109277 |
||